[Event "Turnier 40 / 120"]
[Site "DESKTOP-NL3KVDB"]
[Date "2023.05.06"]
[Round "28"]
[White "Mephisto Phönix TM Vancouver - 36 MHZ"]
[Black "Millenium Chess Genius Pro - 120 MHZ"]
[Result "1/2-1/2"]
[BlackElo "2284"]
[WhiteElo "2287"]

{Analyse -----> Komodo 14.1.} 1. d4 e6 2. e4 d5 3. e5 c5 4. c3 Qb6 5. Nf3
Nc6 6. a3 Nh6 7. b4 cxd4 8. Bxh6 gxh6 {Buchende} 9. cxd4 {Buchende} Rg8?
{Buchbewertung MCGP: -1,18; gleich der 1. berechnete Zug ist ganz schlecht,
danach steht Weiss bereits klar besser, Komodo -1,20, deutlich besser ist
Ld7 mit nur ca. -0,30} 10. Nc3 {Buchbewertung TM Vancouver: +1,24} Bd7 11.
g3? {ein grottenschlechter Zug, der den gesamten Vorteil auf einen Schlag
verspielt und das obwohl TM Vancouver die richtige Antwort Tg4 !
voraussieht, dennoch glaubt er hier an einen Vorteil von +1,15, eine
völlige Fehleinschätzung, Komodo 0,00, nötig war Sa4 mit klarem Vorteil mit
ca. +1,20} Rc8? {doch MCGP macht es auch nicht besser, nach dem Textzug ist
Weiss gleich wieder klar im Vorteil, Komodo -1,30} 12. Rc1?? {kapiert
einfach die Stellung nicht und wirft sofort wieder den gesamten Vorteil
über Bord, Komodo 0,00, wieder wird Sa4 ignoriert, diesmal zwar mit Pech
aber das hilft auch nichts, TM Vancouver nimmt 10 Minuten für diesen Zug
und bewertet den Textzug im allerletzen Moment um +0,09 besser als Sa4,
hier hätte er wohl besser weniger lange nachgedacht, 10 Minuten lang hielt
er richtigerweise Sa4 für den besten Zug} a5 13. b5 Na7 14. Qb3 Be7 {besser
ist a4, Komodo -0,80} 15. Rc2 f6? {ein Verlustzug, danach ist die Partie
praktisch schon verloren, Komodo -2,00, deutlich besser ist Tg4 mit ca.
-0,70} 16. Na4! {beim 3. Versuch kommt nun der Gewinnzug Sa4, dennoch muss
man sagen, Gewinn aus Sicht von Komodo, bei einem Oldie muss ein Vorteil
von +2,00 lt. Komodo noch lange nichts heissen, TM Vancouver sieht sich nur
mit +0,50 im Vorteil} Qd8 17. Rxc8 Nxc8 18. Qc2??? {ein völlig absurder
Zug, was bitte soll das bringen ?, nach Lxa3 droht ja sofort Lb4+ und der
weisse König bleibt in der Brettmitte, danach ist Weiss nur noch knapp im
Vorteil mit ca. +0,80, warum nicht einfach normale Entwicklung mit Le2 ?,
völlig unverständlich !!!} Rf8? {hier sind beide Geräte hoffnungslos
überfordert, ein ganz schlechter Zug danach ist die praktisch wieder
verloren, Komodo -1,70, nötig wie gesagt das selbstverständlich aussehende
Lxa3, aber nicht für MCGP} 19. Qxh7??? {also hier fällt einem das
Kommentieren echt schon auf die Nerven hier werden nur absurde Züge
gemacht, verschenkt wieder den gesamten Vorteil, das ist einfach nur noch
hinrissig, Komodo 0,00, wo bleibt die stinknormale Entwicklung mit Le2 ?,
man fasst es einfach nicht mehr, was hier geboten wird ist einfach nur noch
LETZTKLASSIG} Qc7 20. Qg6+??? {ein völlig sinnloses Schachgebot, danach
steht Schwarz bereits klar besser, Komodo -1,00, nötig war Kd2 mit
Ausgleich} Kd8 21. Qb1 Bxa3 22. Be2 Nb6? {ein schlechter Zug, der den
gesamten Vorteil wieder abgibt, Komodo 0,00, nötig war fxe5} 23. Nxb6 Bb4+
24. Kf1 Qxb6 25. Qd3 Be8 26. Kg2 fxe5? {ein schlechter Zug, deutlich besser
ist f5 mit Ausgleich, Komodo -1,00} 27. Nxe5 h5? {ein Verlustzug, der
schwarze König täte Gut daran die Brettmitte zu verlassen und von c8 nach
b8 zu streben, nach dem Textzug ist die Partie praktisch schon verloren,
Komodo -2,00 mit der Fortsetzung Tc1} 28. Rc1! {TM Vancouver macht den
richtigen Zug, sieht allerdings absolut keinen Vorteil, Bewertung 0,00} h4
{MCGP: +0,09, sieht ebenfalls keine Gefahr, Komodo -2,00} 29. h3?? {völlig
daneben, verspielt nahezu den gesamten Vorteil, Komodo +0,50, nötig war
De3} Bd6 {besser ist hxg3, Komodo -1,00} 30. Nf3 {verschenkt einfach ALLES,
Komodo 0,00, wieder wurde De3 verschmäht} hxg3 31. fxg3 Rg8 32. Ne5 Bxe5
33. dxe5 Rf8 34. Qd2 Rf2+ 35. Kh1 Ke7? {ein ganz schlechter Zug, danach ist
Weiss klar im Vorteil, Komodo -1,50, nötig war Kd7 oder a4 mit Ausgleich}
36. Qg5+?? {doch es bleibt bei der hoffnungslosen Überforderung auch diese
Chance wird in den Wind geschlagen, der richtige Zug h4 ! wurde nicht mal
erwogen und innerhalb einer Sekunde übergangen, als ob er gar nicht
existieren würde, der Textzug verspielt wieder sofort den gesamten Vorteil,
danach ist es wieder Remis, Komodo 0,00} Kd7 37. Bh5 Bxh5 38. Qxh5 Ke7???
{ein absoluter Horrorzug, der ganze 14 Bauerneinheiten !! einstellt, danach
ist die Partie sofort verloren, Komodo -14,00, nach a4 hat Schwarz noch
sehr gute Remischancen} 39. Qh4+! {der richtige Zug, dennoch für einen
Oldie ist das noch lange nicht erledigt, TM Vancouver sieht nur minimalen
Vorteil mit +0,33} Kd7 {MCGP: -0,84} 40. Qh7+ {TM Vancouver: +0,45} Kd8
{MCGP erkennt den Verlust, Bewertung: -3,56} 41. g4??? {ein Horrorzug, der
ganze 10 Bauerneinheiten !! verschenkt und den Sieg in weite Ferne rückt,
klar wenn keine weiteren Fehler folgen sollte auch das noch reichen, aber
es ist der falsche Bauer, sofort gewonnen hätte h4 !! und das schlug auch
MCGP vor, hier ermöglicht Weiss seinem Gegner das Turmopfer Th2+ und danach
kann die Dame den weissen König ewig mit Schach traktieren, ob TM das noch
gewinnt ist mehr als zweifelhaft, dennoch ist Weiss noch klar im Vorteil,
Komodo +2,00} a4??? {MCGP verwirft im letzten Moment noch den nötigen Zug
Th2+, da er den Textzug um eine Nuance besser bewertet, eine völlige
Fehleinschätzung nach dem Textzug ist alles aus, Komodo -9,00} 42. Qh8+ Ke7
43. Qc8??? {dieser unfassbare Zug darf doch einfach nicht wahr sein, TM
Vancouver erkennt hier sogar das Remis und bewertet es mit 0,00 und da
sieht er wirklich nichts besseres, das ist einfach nicht zu fassen, warum
nicht Dh4+ und Schwarz kann sofort aufgeben und selbst wenn nicht sich hier
mit einem Remis abzufinden ist ja einfach unglaublich Dh4+ ist doch im
schlechtesten Fall Dauerschach auch wenn man nicht die richtige Fortsetzung
sieht, das ist mein letzter Kommentar zu dieser Partie, einfach
unerträglich, was hier geboten wird ! - UND FÜR DIESEN ABSOLUTEN
SCHWACHSINN NIMMT SICH TM VANCOUVER 17 MINUTEN BEDENKZEIT - UNFASSBAR !!! -
MCGP hatte den richtigen Zug Dh4+ vorgeschlagen.} Rh2+ 44. Kxh2 Qf2+
{Userentscheid: Remis} 1/2-1/2
[/pgn]
[pgn]

[Event "Turnier 40 / 120"]
[Site "DESKTOP-NL3KVDB"]
[Date "2023.05.07"]
[Round "29"]
[White "Millenium Chess Genius Pro - 120 MHZ"]
[Black "Mephisto Phönix TM Vancouver - 36 MHZ"]
[Result "1/2-1/2"]
[BlackElo "2287"]
[WhiteElo "2284"]

{Analyse ------> Komodo 14.1.} 1. Nf3 d5 2. g3 Nf6 3. Bg2 g6 {Buchende} 4.
c4 dxc4 {Buchbewertung TM Vancouver: +0,03} 5. Na3 Bg7 6. Nxc4 O-O 7. d3
{Buchbewertung MCGP: +0,06 / lt. Komodo ist die Stellung etwa gleich} Nc6
8. Bd2 Nd5 9. Qb3 Re8 10. O-O Nb6 11. Rad1 Bg4 12. Bc3 e5 13. h3 Be6 14.
Rfe1 Nd4 15. Nxd4 exd4 16. Bd2 Bd5 17. Rc1 {vorzuziehen ist Lxd5, Komodo
-0,60} Nxc4 18. dxc4 Bxg2 19. Kxg2 Qd7? {ein schwacher Zug, deutlich besser
ist Dd6, nach dem Textzug ist die Stellung etwa gleich} 20. Qf3 c6 21. Rcd1
Qe7 22. e4 Rad8 23. b3 a6 24. Bc1 {klar schwächer als h4, Komodo -0,70} Qc5
25. Bb2 Qa5 26. a3 Qe5 27. Rd2 c5 28. Rdd1 b6 29. Qg4? {ein schwacher Zug,
danach steht Schwarz bereits klar besser, Komodo -1,30, deutlich besser ist
Lc1 mit ca. -0,80} Qe6? {TM Vancouver verwirft im letzten Moment den klar
stärkeren Zug Dc7 wegen einer Bewertungsdifferenz von +0,03 das ist auch
etwas Pech, der Textzug ist ganz schwach und halbiert den Vorteil von
Schwarz, Komodo +0,60} 30. Qg5??? {ein Verlustzug, danach ist die Partie
bereits verloren, Komodo -1,80, nötig war Dxe6} Qc6! {der richtige Zug,
allerdings muss man wieder sagen die Partie ist verloren für Weiss nach
Massstab von Komodo 14.1., für TM Vancouver ist das aber natürlich noch
lange nicht gewonnen, Bewertung: +0,51} 31. f3 {MCGP: -0,53 / Komodo -2,00}
Qd7? {ein ganz schwacher Zug, der den Vorteil von Schwarz halbiert, Komodo
+1,00, richtig war b5} 32. Re2? {nicht optimal, deutlich besser ist Lc1,
Komodo -1,40} Re5? {verpasst das klar stärkere f5, Komodo +0,80} 33. Qf4??
{ein Verlustzug, die Dame sollte nach d2, um den Turm e2 zu decken um dem
Vorstoss f5 vorzubeugen, nach dem Textzug gewinnt bereits f5 mit +2,00 lt.
Komodo} Qe7?? {mit viel Pech verwirft TM Vancouver neuerlich den Gewinnzug
f5, den er bis ganz zum Schluss als besten befand und im allerletzten
Augenblick findet er den Textzug wieder wie schon zuvor um +0,03 besser,
was eine völlige Fehleinschätzung ist, der Textzug halbiert den Vorteil von
Schwarz, Komodo +0,90} 34. Rde1?? {diese Stellung überfordert einfach beide
Geräte, die hier man muss aber sagen aus verständlichen Gründen nicht die
optimalen Züge finden können, es ist einfach zu rechenintensiv und die
nötige Rechentiefe um es richtig zu erkennen ist für einen Oldie einfach
illusorisch, hier will ich nicht zu streng sein, dennoch kommt man leider
nicht drum herum praktisch jeden einzelnen Zug zu kommentieren, der Textzug
stellt den nächsten Verlustzug dar, Komodo -2,00, wieder war Dd2
erforderlich} Rh5?? {es geht weiter in gleicher Tonart, die Stellung ist
einfach unspielbar, verschenkt einen Grossteil des Vorteiles, Komodo +0,70,
gewonnen hätte b5} 35. g4 {wieder ist Dd2 die klar bessere Wahl, Komodo
-1,20} Be5 {falsche Figur, der Turm gehört nach e5, Komodo +1,00} 36. Qd2
Rh4 37. Bc1 h6?? {ein grottenschlechter Zug der wohl Dg5 verhindern soll
eine grasse Fehlentscheidung, die bereits die Vorzeichen klar umkehrt,
danach steht Weiss bereits deutlich besser, Komodo -1,00, nötig war h5 mit
ca. +1,00 für Schwarz (der Textzug verschenkt damit ganze 2 Bauerneinheiten
!!)} 38. Rh1?? {einfach undurchschaubar für beide Geräte, sofort wechselt
wieder der Vorteil auf die Seite von Schwarz, Komodo -1,00, nötig war f4}
Rd7? {die beiden Geräte haben einfach keine Ahnung von dieser Stellung und
wirken beide einfach ratlos, wieder ein Zug der nichts anderes macht, als
das Zugrecht an den Gegner weiterzugeben, danach ist die Stellung wieder im
Lot, Komodo 0,00, es gab eine Vielzahl deutlich bessere Möglichkeiten, b5,
h5, d3 um nur einige zu nennen und das sind bei weitem nicht alle, ein
völlig sinnloser Zug !!, hier stellt sich wirklich die Frage, wie sinnvoll
es noch ist diese Stellung mit Komodo zu kommentieren es ist einfach so als
würde ein Ferrari gegen einen Trabi antreten.} 39. Ree1? {MCGP ist ebenso
ratlos wie sein Gegner, der rückt den Turm ein Feld vor nun rückt MCGP den
Turm ein Feld retour, ebenfalls völlig sinnlos, Komodo -0,80, Ausgleich
hätte f4 gebracht.} Rd6? {kehrt die Vorzeichen bereits wieder um, danach
steht Weiss wieder besser, Komodo -0,80, nötig war g5, um den Vorstoss f4
zu verhindern, also an dieser Stelle beende ich jetzt mal vorläufig die
Kommentierung mit dem Gernalkommentar dass beide Geräte einfach
hoffnungslos überfordert sind, es ist mir wirklich zu mühsam zu jedem
einzelnen Zug meinen Senf dazu zu geben, natürlich wird im nächsten Zug
wieder nicht das Nötige f4 gespielt !} 40. Rd1? Rd8? 41. Qf2? g5 42. Rd3 b5
43. Qc2 Qc7?? 44. Bd2 Bg3 45. cxb5 axb5 46. Rc1 Rc8 47. b4 c4 48. Rxd4 Bf2
{geringen Vorteil hätte noch Txh3 versprochen, nach dem Textzug einigen
sich die beiden Geräte auf ein Remis durch Stellungswiederholung} 49. Kxf2
Qh2+ 50. Ke3 Qf4+ 51. Ke2 Qh2+ 52. Ke3 Qf4+ 53. Kf2 Qh2+ 54. Ke3
{Stellungswiederholung} 1/2-1/2
[/pgn]
[pgn]

[Event "Turnier 40 / 120"]
[Site "DESKTOP-NL3KVDB"]
[Date "2023.05.10"]
[Round "30"]
[White "Mephisto Phönix TM Vancouver - 36 MHZ"]
[Black "Millenium Chess Genius Pro - 120 MHZ"]
[Result "1-0"]
[BlackElo "2284"]
[WhiteElo "2287"]

{Analyse ----> Komodo 14.1.} 1. e4 d6 2. d4 Nf6 3. Nc3 c6 4. f4 {Buchende}
g6 5. Nf3 {Buchbewertung TM Vancouver: +0,27} Bg7 6. Be2 O-O {Buchende} 7.
O-O Qb6 {Buchbewertung MCGP: +0,15 / lt. Komodo steht Weiss klar besser mit
ca. +1,00} 8. e5 Nd5 9. Na4 Qa5 10. b3 Nc3??? {ein absoluter Verlustzug,
danach ist die Partie bereits verloren, Komodo -2,50, nötig war entweder b5
oder c5 beides mit ca. -0,90} 11. Nxc3 Qxc3 12. Bd2! {natürlich richtig,
man muss aber wieder dazu sagen, die Partie ist verloren für Schwarz nach
dem Massstab von Komodo 14.1., TM Vancouver sieht hier praktisch keinen
Vorteil, nur +0,15} Qb2 {MCGP: -0,10 sieht auch nur hauchdünnen Nachteil,
das ist noch ein weiter Weg zum Gewinn, trotz der Bewertung von Komodo
+2,70 für Weiss} 13. Qc1??? {und hier ist schon die Problematik dass hier
kein Vorteil erkannt wird, dieser Zug ist natürlich eine Katastrophe, die
man nicht näher erklären muss, befreit die schwarze Dame aus der misslichen
Lage, nach a4 !! ist sie ja bereits eingesperrt und hat kein Feld mehr,
danach wäre die Partie klar gewonnen, nach dem Damentausch ist Weiss nur
noch knapp im Vorteil mit ca. +0,60} Qxc1 14. Raxc1 Bf5 15. Nh4? {auch nur
zweitklassig, deutlich besser ist h3, Komodo +0,40} Be4 16. Rfe1 c5 17.
dxc5 dxc5 18. Bc4 Bc6 19. Be3 b6 20. f5 e6?? {ein ganz schlechter Zug,
danach ist Weiss wieder klar im Vorteil, Komodo -1,60, nach dem Vorstoss f6
! muss der Läufer nach h8 und ist dort praktisch eingesperrt, wie soll
diese Blockade noch gelöst werden ?, nötig war b5 mit nur sehr geringem
Vorteil für Weiss mit ca. -0,30} 21. f6 {auch hier sieht TM Vancouver kaum
einen Vorteil, nur +0,15} Bh8 {auch MCGP sieht es ähnlich und erkennt hier
praktisch keinen Nachteil und schätzt es genau gleich wie TM Vancouver:
-0,15} 22. Rcd1 Nd7 23. Bf4 Rad8 24. Rd6! {die Stellung ist bereits klar
gewonnen für Weiss, Komodo +2,20 / TM Vancouver sieht die Stellung völlig
gleich: 0,00} Nb8 25. Red1 Bd5 {MCGP sieht sich sogar hauchdünn im Vorteil:
+0,09 / Komodo -2,20} 26. Rxd8 Rxd8 27. Nf3 {TM Vancouver: +0,39 / Komodo
+2,30} Nc6 {MCGP: -0,12 / etwas besser ist noch a6, Komodo -2,70} 28. Bb5
Be4 29. Rxd8+ Nxd8 30. c3 {angesichts des eingesperrten Läufers auf h8, wo
absolut nicht zu sehen ist, wie man den befreien könnte, ist die Stellung
klar verloren für Schwarz, Komodo -3,00 / TM Vancouver: +0,48} Bb1 {MCGP:
-0,50} 31. a3 Be4 32. Kf2 Bd5 33. b4 cxb4 34. cxb4 Nc6??? {weitere Figuren
zum Abtausch anzubieten ist natürlich wegen dem Läufer auf h8 eine
Katastrophe, Komodo -5,00} 35. Kg3??? {ein grottenschlechter Zug, was soll
das bitte bringen ? ein Durchbruch am Königsflügel ist doch reine Utopie,
halbiert den Vorteil von Weiss, Komodo +2,50, natürlich einfach Lxc6 und
das war es schon, gefolgt von Sd4 usw.} h5 {deutlich besser ist noch Lxf3,
Komodo -3,70} 36. Be2? {ein schlechter Zug, der den Vorteil von Weiss fast
halbiert, Komodo +2,20 natürlich steht Weiss immer noch klar auf Gewinn,
aber weit zielstrebiger und schneller gewinnt natürlich Lxc6} Kf8 37. b5
Na5 38. Nd2 {Komodo +3,20} Nb7 39. Nc4 Nc5 40. Nd6 Ne4+ 41. Nxe4 Bxe4 42.
Bf3 {Komodo +5,00} Bc2 43. h4 Ba4 44. Bh6+ Kg8 45. Bc6 a6 {Komodo -8,00}
46. Kf3 Bxb5 47. Bxb5 axb5 48. Be3 Kh7 49. g3 b4 50. axb4 b5 51. Ke4 g5 52.
Bxg5 Kg6 53. Kd3 Kf5 54. Kd4 Kg4 55. Kc5 Kf5 56. Kxb5 Kxe5 57. Kc6 Bxf6 58.
Bxf6+ Kxf6 59. b5 {Komodo Matt in 13, Rest geschenkt} 1-0
[/pgn]
[pgn]

[Event "Turnier 40 / 120"]
[Site "DESKTOP-NL3KVDB"]
[Date "2023.05.10"]
[Round "31"]
[White "Millenium Chess Genius Pro - 120 MHZ"]
[Black "Mephisto Phönix TM Vancouver - 36 MHZ"]
[Result "1-0"]
[BlackElo "2287"]
[WhiteElo "2284"]

{Analyse -----> Komodo 14.1.} 1. d4 Nf6 2. c4 c5 3. d5 e6 4. Nc3 exd5 5.
cxd5 d6 6. Nf3 g6 7. Nd2 a6 8. a4 Nbd7 9. e4 Bg7 10. Be2 {Buchende} O-O 11.
Nc4 {Buchbewertung MCGP: +0,28} Nb6 {Buchbewertung TM Vancouver: -0,30 /
lt. Komodo steht Weiss etwas besser mit ca. +0,40} 12. O-O {so aber nicht
mehr, besser ist Sd2, danach ist die Stellung etwa gleich} Nxc4 13. Bxc4
Qe7 14. f3 Nh5 15. Be3 Be5 16. Qd2 Qh4? {ein schlechter Zug, danach steht
Weiss bereits klar besser, Komodo -0,90, deutlich besser ist Ld7 mit
geringem Vorteil für Weiss} 17. f4 Bg7 18. e5 Bxe5??? {ein absoluter
Verlustzug, danach ist die Partie sofort verloren, Komodo -3,50, nötig war
entweder Lf5 oder dxe5 beides mit ca. -0,50} 19. fxe5 Qxc4 20. e6!
{richtig} Ng7?? {beschleunigt extrem den Untergang, Komodo -6,50, deutlich
besser ist noch Dh4 mit ca. -3,50} 21. Rf4! Qb3 22. Qf2?? {ein ganz
schlechter Zug, der ganze 4 Bauerneinheiten einbüsst, allerdings steht
Weiss trotzdem klar auf Gewinn, Komodo +2,50, sofort gewonnen hätte Se4,
trotzdem die beste Fortsetzung für Schwarz ist Lxe6 und da bekommt Weiss
bereits eine Figur für 2 Bauern} Bxe6 23. Ra3 Qb6 24. a5 Qc7 25. dxe6 fxe6
{noch hat Schwarz 3 Bauern für den Läufer, materiell ist es sogar noch
gleich, dennoch die Stellung ist bereits klar verloren, Komodo -3,00, die
beiden Geräte sehen die Stellung jedoch fast ausgeglichen, da ist also noch
Vorsicht geboten, den gewonnen ist es natürlich wieder nach Massstab von
Komodo, MCGP wird es noch beweisen müssen.} 26. Ne4! {richtig} Nf5 27.
Bc1??? {MCGP: +0,03 / und da sehen wir das Problem, denn nach dem Textzug
ist diese Bewertung realistisch, denn er verspielt den gesamten Vorteil,
die Stellung ist im Lot, gewonnen hätte hier bereits g4 !} e5? {ein
schwacher Zug, danach steht Weiss wieder besser, Komodo -1,00, nötig war d5
mit Ausgleich} 28. Rff3 Qc6 29. Nc3?? {und so schnell kann es gehen, ein
ganz schlechter Zug, der die Vorzeichen umkehrt, danach steht Schwarz
bereits klar besser, Komodo -1,00 (büsst ganze 2 Bauerneinheiten !! ein),
nötig war De1} Nd4? {so aber nicht, danach ist die Stellung gleich wieder
im Lot, Komodo 0,00, nötig war e4} 30. Rf6 Rxf6 31. Qxf6 Rf8 32. Qh4 Qb5
33. Qe1 Qd3 34. Ra2 Nc2 35. Qd1 Qf5 36. h3 Nb4? {nicht ideal, danach steht
Weiss wieder besser, Komodo -0,80, das Remis gesichert hätte bereits Df2+}
37. Ra1 Nd3??? {ein Verlustzug, danach ist die Partie klar verloren, Komodo
-3,30, nötig war Sc2} 38. Qb3+??? {so allerdings nicht, verschenkt gleich
wieder einen Grossteil des Vorteiles, Komodo +0,90, gewonnen hätte Lh6} Qf7
39. Qxf7+ {besser ist Dd5, Komodo +0,50} Rxf7??? {völlig falsch, danach ist
die Partie praktisch wieder verloren, Komodo -1,70, nötig war Kxf7} 40. b3
Nxc1 41. Rxc1 Kf8 42. Ne4 Ke7 43. Rd1 Rf8 {die Stellung ist klar verloren
für Schwarz, allerdings wieder nach Massstab von Komodo 14.1. -2,00, die
beiden Geräte halten die Stellung jedoch noch für ausgeglichen, / TM
Vancouver: -0,27} 44. h4 {MCGP: +0,03} Rd8? {mehr Widerstand leistet noch
Tf4, Komodo -2,50} 45. Kf2 Rd7 46. g4 h6 47. Ke3 Rd8 48. h5 g5 {diese
Stellung ist bereits hoffnungslos für Schwarz, Komodo -4,00} 49. Rd2 Rd7
50. Ng3 d5 51. Nf5+ Ke6 52. Nxh6 b5 53. Nf5 Rc7 54. h6 Rh7 {Komodo -8,00}
55. Rd1 Rd7 56. Ng7+ Kf7 57. Rf1+ Kg6 58. Ne6 Re7 59. Nxc5 Rc7 60. Nxa6
Rc3+ 61. Kd2 Rxb3 62. Rh1 Kh7 63. Nc5 Ra3 64. Ne6 Rxa5 65. Nxg5+ Kg6 66. h7
{Rest geschenkt} 1-0
[/pgn]
[pgn]